Študentská vedecká konferencia Prírodovedeckej fakulty UK v Bratislave zborník recenzovaných príspevkov ŠVK PriF UK 2015

Bibliographic Details
Corporate Author: Univerzita Komenského v Bratislave. Prírodovedecká fakulta. Študentská vedecká konferencia (Author)
Other Authors: Galamboš, Michal, 1975- (Editor), Džugasová, Vladimíra, 1971- (Editor), Ševčovičová, Andrea, 1972- (Editor), Vataha, Martin (Editor)
Format: Software eBook
Language:Slovak
Czech
English
Published: V Bratislave Univerzita Komenského Vydavateľstvo UK 2015
Edition:Vyd.: prvé
Subjects:

MARC

LEADER 00000cam a2200000 a 4500
001 vtls011466419
003 SK-MaSNL
005 20260301052822.0
007 co cg muuua
008 160113s2015 xo | fs 100 0 slo
015 |a SNBS2016 
020 |a 9788022338592 (elektronická kniha) 
040 |a SNK  |b slo  |c SNK  |e AACR2 
041 0 |a slo  |a cze  |a eng  |b eng 
044 |a xo  |c SK 
072 7 |a 5  |x Prírodné vedy. Matematické vedy  |2 konspekt 
080 |a 5  |2 2011 
080 |a (062.534)  |2 2011 
080 |a (079)37.091.27  |2 2011 
080 |a (0.034.44)  |2 2011 
110 2 |a Univerzita Komenského v Bratislave.  |b Prírodovedecká fakulta.  |b Študentská vedecká konferencia  |d (2015 :  |c Bratislava, Slovensko)  |4 aut  |9 362300 
245 1 0 |a Študentská vedecká konferencia Prírodovedeckej fakulty UK v Bratislave  |h elektronický zdroj  |b zborník recenzovaných príspevkov ŠVK PriF UK 2015  |c editori: Michal Galamboš ... [et al.] 
246 3 3 |a Študentská vedecká konferencia PriF UK 2015 
246 3 3 |a ŠVK PriF UK 2015 
250 |a Vyd.: prvé 
260 |a V Bratislave  |b Univerzita Komenského  |b Vydavateľstvo UK  |c 2015 
300 |a 1 elektronický optický disk (CD-ROM)  |b fareb.  |c 12 cm 
500 |a Názov z titulnej obrazovky 
500 |a Vydalo: Univerzita Komenského v Bratislave vo Vydavateľstve UK 
504 |a Bibliogr. odkazy 
516 |a Textový dokument (zborník), súbory vo formáte htm, pdf a i. 
538 |a Technické požiadavky: internetový prehliadač, PDF prehliadač 
546 |a Čiast. text angl. a čes. ; res. angl. 
650 0 7 |a prírodné vedy  |2 SNKPH  |9 694 
650 0 7 |a Natural sciences  |2 SNKPHeng  |9 265288 
655 7 |a zborníky konferencií  |2 SNKPH  |9 70153 
655 7 |a študentské práce  |2 SNKPH  |9 119560 
655 7 |a elektronické zdroje  |2 SNKPH  |9 90954 
655 7 |a CD-ROM  |2 SNKPH  |9 70236 
655 7 |a Proceedings of conferences  |2 SNKPHeng  |9 265791 
655 7 |a Student theses  |2 SNKPHeng  |9 265359 
655 7 |a Electronic resources  |2 SNKPHeng  |9 175546 
700 1 |a Galamboš, Michal,  |d 1975-  |4 edt  |9 261848 
700 1 |a Džugasová, Vladimíra,  |d 1971-  |4 edt  |9 229265 
700 1 |a Ševčovičová, Andrea,  |d 1972-  |4 edt  |9 189064 
700 1 |a Vataha, Martin  |4 edt  |9 362301 
752 |a Slovensko  |d Bratislava 
852 |a Štátna vedecká knižnica v Banskej Bystrici 
919 |a 978-80-223-3859-2 
958 |a NB 
999 |c 606721  |d 608651 
952 |a SNK  |b SNK  |y PREZ  |7 0  |p 17A1176923  |o snkSCDM 8010  |i snk2016/527  |8 0  |0 0  |1 0  |4 0  |d 2016-01-13  |l 0  |r 2026-02-23 16:11:39  |w 2026-02-23